| 000 | 00507nam a2200181Ia 4500 | ||
|---|---|---|---|
| 999 |
_c6301 _d6301 |
||
| 003 | OSt | ||
| 005 | 20200104111221.0 | ||
| 008 | 190216s9999||||xx |||||||||||||| ||und|| | ||
| 020 | _a8174939830 | ||
| 040 | _coclc | ||
| 082 |
_a332.042 _bAVA/I |
||
| 100 |
_aAvadhani, V A _9855 |
||
| 245 | 0 |
_aInternational Finance / _cV A Avadhani, |
|
| 250 | _a4th ed. | ||
| 260 |
_bHimalaya Publishing House, _c2000. _aDelhi: |
||
| 300 | _a422p | ||
| 942 |
_cBK _2ddc _h332.042 _iAVA/I _k332.042 _mAVA/I |
||